[Event "Olympiad Women 2024"]
[Site "Budapest HUN"]
[Date "2024.09.19"]
[Round "8.9"]
[Board "1"]
[White "Mammadzada, Gunay"]
[Black "Brunello, Marina"]
[Result "1/2-1/2"]
[WhiteElo "2433"]
[BlackElo "2348"]
[PlyCount "133"]
[EventDate "2024.09.11"]
[WhiteTeam "Azerbaijan"]
[BlackTeam "Italy"]
[WhiteTeamCountry "AZE"]
[BlackTeamCountry "ITA"]

1. d4 d5 2. c4 e6 3. Nf3 h6 4. g3 Nf6 5. Bg2 Bd6 6. O-O O-O 7. Qc2 ({RR} 7. Nc3 Nc6 8. b3 dxc4 9. bxc4 e5 10. Bb2 exd4 11. Nxd4 Ne5 12. Qb3 c6 13. Rad1 Qe7 14. h3 Be6 15. Nxe6 Qxe6 16. Na4 Ned7 17. Qxb7 Rfc8 18. Qa6 Be5 19. Ba3 Nb6 20. Rc1 Bxg3 21. Nc5 Qxe2 {1-0 Le,Q (2709)-Fedoseev,V (2678) PNWCC Online blitz JP 11th 2020 (10)}) 7... b6 8. Nbd2 Bb7 9. cxd5 $146 ({RR} 9. c5 Be7 10. Ne5 bxc5 11. dxc5 Nbd7 12. Nxd7 Qxd7 13. Nf3 Qb5 14. Be3 Ba6 15. Rfe1 Rab8 16. b3 Ng4 17. Bd4 e5 18. Nxe5 Nxe5 19. Bxe5 Bxc5 20. e3 Rfe8 21. Qb2 Qa5 22. Bc3 Bb4 23. Bxb4 Qxb4 {0-1 Agamaliev,G (2482)-Ali Marandi,C (2568) TCh-TUR Super League 2023 (1.3)}) ({RR} 9. b3 Nbd7 10. Bb2 Rc8 11. Rad1 Qe7 12. cxd5 exd5 13. e3 c5 14. dxc5 Nxc5 15. Qb1 Ba6 16. b4 Bd3 17. Qa1 Na4 18. Rfe1 Nxb2 19. Qxb2 Bxb4 20. Rc1 Ba3 21. Qd4 Rxc1 22. Qxd3 Rxe1+ 23. Nxe1 Bb4 {0-1 Shoshin,K (2277)-Gascon Del Nogal,J (2474) Titled Tue 18th Jun Late 2024 (2)}) 9... exd5 10. Nh4 Re8 11. Ndf3 c5 12. Nf5 Bf8 13. Bf4 Nc6 14. a3 Rc8 15. Rad1 Na5 16. Rfe1 Ba6 17. Bf1 Ne4 18. Qb1 c4 19. Qc2 c3 20. Ne5 f6 21. Ng6 Bc4 22. Qc1 Bb3 23. Rd3 cxb2 24. Qxb2 Rc2 25. Qb1 Nc3 26. Rxc3 Rxc3 27. Nxf8 Bc2 28. Qb2 Rc6 29. Ne3 Rxe3 30. Bxe3 Kxf8 31. Rc1 Be4 32. Rxc6 Nxc6 33. Qb5 Qd7 34. f3 Bf5 35. Bf2 Na5 36. Qb4+ Qe7 37. Qc3 Kf7 38. e3 Bb1 39. Bb5 Bf5 40. g4 Bd7 41. Bd3 Qd6 42. Kg2 Qc6 43. Qb4 Nb7 44. Bg3 a5 45. Qb3 Nd6 46. e4 Be6 47. e5 Nc4 48. exf6 Kxf6 49. Kf2 Bd7 50. h4 b5 51. h5 Kf7 52. Bb1 Qf6 53. Qd3 Kf8 54. Kg2 Be6 55. Ba2 Bf7 56. Qc3 Be8 57. Bxc4 bxc4 58. Bc7 a4 59. Qb4+ Kg8 60. Be5 Qf7 61. Kg3 Qd7 62. f4 Qc8 63. Qe7 Qd7 64. Qc5 Qc6 65. Qe7 Qd7 66. Qc5 Qc6 67. Qe7 1/2-1/2

[Event "Olympiad Women 2024"]
[Site "Budapest HUN"]
[Date "2024.09.19"]
[Round "8.9"]
[Board "2"]
[White "Zimina, Olga"]
[Black "Fataliyeva, Ulviyya"]
[Result "0-1"]
[WhiteElo "2302"]
[BlackElo "2378"]
[PlyCount "86"]
[EventDate "2024.09.11"]
[WhiteTeam "Italy"]
[BlackTeam "Azerbaijan"]
[WhiteTeamCountry "ITA"]
[BlackTeamCountry "AZE"]

1. d4 Nf6 2. Nf3 d5 3. g3 c5 4. c4 dxc4 5. Qa4+ Qd7 6. Qxc4 cxd4 7. Nxd4 e5 8. Nb5 Nc6 9. Bg2 a6 10. N5c3 Nd4 $146 ({RR} 10... Qc7 11. Bg5 Be6 12. Qa4 Be7 13. Bxf6 Bxf6 14. Nd2 O-O 15. Nde4 Be7 16. O-O b5 17. Qc2 Nd4 18. Qc1 Rac8 19. e3 Nc6 20. f4 b4 21. Ne2 Qb6 22. f5 Nd4 23. Qd2 Rc2 24. Qd1 Nxe2+ 25. Kh1 {½-½ Gonzalez Gonzalez,J (1597)-Martinez Otero,C (1926) Oviedo op 8th 2022 (5)}) ({RR} 10... Na5 11. Qh4 Qg4 12. Bg5 Qxh4 13. Bxh4 Be6 14. Nd2 Bb4 15. Rc1 Rc8 16. O-O O-O 17. Bxf6 gxf6 18. Ndb1 Rfd8 19. b3 Kg7 20. Na4 Rxc1 21. Rxc1 Rc8 22. Rxc8 Bxc8 23. a3 Be7 24. b4 Nc6 25. Kf1 {1-0 Mendonca,L (2376)-Hu,Z (2097) Novi Sad TS IM 109th 2019 (3)}) 11. O-O b5 12. Qd3 Bb7 13. Bg5 Bxg2 14. Kxg2 Qc6+ 15. e4 Nd7 16. Nd2 Nc5 17. Qb1 f5 18. Be3 b4 19. Bxd4 exd4 20. Ne2 fxe4 21. Nxd4 Qd5 22. N2b3 Be7 23. Nxc5 Bxc5 24. Nb3 e3+ 25. f3 e2 26. Re1 O-O 27. Qe4 Qxe4 28. fxe4 Rf2+ 29. Kh3 Be3 30. Nc1 Bxc1 31. Raxc1 Re8 32. Rc4 Re6 33. e5 Rxe5 34. Rf4 Rh5+ 35. Rh4 Rd5 36. Re4 Rd2 37. b3 Rxa2 38. Re3 Rc2 39. g4 Rf1 40. Re8+ Kf7 41. R8xe2 Rf3+ 42. Kg2 Rxe2+ 43. Rxe2 Rxb3 0-1

[Event "Olympiad Women 2024"]
[Site "Budapest HUN"]
[Date "2024.09.19"]
[Round "8.9"]
[Board "3"]
[White "Beydullayeva, Govhar"]
[Black "Sedina, Elena"]
[Result "1/2-1/2"]
[WhiteElo "2395"]
[BlackElo "2196"]
[PlyCount "82"]
[EventDate "2024.09.11"]
[WhiteTeam "Azerbaijan"]
[BlackTeam "Italy"]
[WhiteTeamCountry "AZE"]
[BlackTeamCountry "ITA"]

1. d4 d5 2. c4 e6 3. Nf3 h6 4. Nc3 Nf6 5. Bf4 c5 6. e3 cxd4 7. exd4 Bb4 8. Bd3 dxc4 9. Bxc4 Nc6 10. O-O O-O 11. Rc1 Bd6 $146 ({RR} 11... b6 12. d5 Na5 13. Bb3 Nxb3 14. Qxb3 Bxc3 15. bxc3 Qxd5 16. c4 Qh5 17. c5 bxc5 18. Bd6 Re8 19. Rxc5 Nd5 20. Ne5 f6 21. g4 Qh4 22. Qa4 Bb7 23. Ng6 Qh3 24. f3 Ne3 25. Rf2 Bxf3 26. Bg3 {1-0 Shimelkov,V (2159)-Yoo,C (2485) Speed Chess GP4 blitz 2021 (4)}) ({RR} 11... Nd5 12. Bg3 Nxc3 13. bxc3 Bd6 14. Qe2 Bxg3 15. hxg3 b6 16. Qe4 Bb7 17. Bd3 g6 18. Qf4 Kg7 19. Be4 Qe7 20. c4 Rfd8 21. d5 Na5 22. Rfe1 Qf6 23. Qxf6+ Kxf6 24. dxe6 fxe6 25. c5 Rac8 26. Bxb7 {½-½ Lazavik,D (2440)-Yoo,C (2479) Titled Tuesday intern op 13th July blitz 2021 (10)}) 12. Ne5 Qe7 13. Nxc6 bxc6 14. Qf3 a5 15. Be5 Rd8 16. Rfe1 Bb7 17. Qg3 c5 18. Nb5 Bxe5 19. dxe5 Ne8 20. Qe3 a4 21. Red1 Ba6 22. Na3 Bxc4 23. Nxc4 Rxd1+ 24. Rxd1 Rd8 25. Rxd8 Qxd8 26. Qd2 Qh4 27. f4 Nc7 28. g3 Qg4 29. Qd8+ Kh7 30. Qd3+ Kg8 31. Qd8+ Kh7 32. Qd3+ Kg8 33. Nb6 Nd5 34. Nxd5 exd5 35. Qxd5 Qe2 36. Qa8+ Kh7 37. Qg2 Qd1+ 38. Qf1 Qd4+ 39. Qf2 Qd1+ 40. Qf1 Qd4+ 41. Qf2 Qd1+ 1/2-1/2

[Event "Olympiad Women 2024"]
[Site "Budapest HUN"]
[Date "2024.09.19"]
[Round "8.9"]
[Board "4"]
[White "Sala, Giulia"]
[Black "Balajayeva, Khanim"]
[Result "1-0"]
[WhiteElo "2115"]
[BlackElo "2384"]
[PlyCount "119"]
[EventDate "2024.09.11"]
[WhiteTeam "Italy"]
[BlackTeam "Azerbaijan"]
[WhiteTeamCountry "ITA"]
[BlackTeamCountry "AZE"]

1. e4 e5 2. Nf3 Nc6 3. d4 exd4 4. Nxd4 Nf6 5. Nxc6 bxc6 6. e5 Qe7 7. Qe2 Nd5 8. h4 Qe6 9. Nd2 a5 10. a3 Ba6 11. Qe4 Bxf1 12. Kxf1 Be7 13. Nf3 Qg6 $146 ({RR} 13... f6 14. Bd2 fxe5 15. Qxe5 Qxe5 16. Nxe5 Bf6 17. Nc4 O-O 18. Re1 Bd4 19. Re2 a4 20. h5 Rab8 21. Rh4 Bxb2 22. Nxb2 Rxb2 23. Rxa4 Rxc2 24. h6 g6 25. g3 Rb8 26. Be1 Rc1 27. Kg2 Ra1 28. f3 {1-0 Wong,Y (2381)-Doshi,M (2332) Titled Tuesday intern op 14th April blitz 2020 (1)}) 14. Qc4 Qf5 15. Bd2 Nb6 16. Qc3 Nd5 17. Qc4 Nb6 18. Qc3 O-O 19. Re1 Qg4 20. b3 Bxa3 21. h5 Bb4 22. Qd3 Bxd2 23. Rh4 Qxh4 24. Nxh4 Bxe1 25. Nf5 Bb4 26. Qg3 g6 27. Qg5 Nd5 28. c4 f6 29. exf6 Rxf6 30. Nh6+ Kg7 31. cxd5 Re8 32. g3 Be7 33. Qe3 cxd5 34. Ng4 Re6 35. Qc3+ Bf6 36. h6+ Kf7 37. Qc4 c5 38. Qxc5 R8e7 39. Qxa5 Rd6 40. Qc5 Ree6 41. Ne3 Be7 42. f4 Bf8 43. Ng4 d4 44. Qc4 Ke7 45. Qd3 Rd5 46. b4 Kd8 47. Ne5 Rb6 48. Qc4 Rbb5 49. Nd3 Rh5 50. g4 Rhd5 51. Nc5 Rbxc5 52. bxc5 Rxc5 53. Qg8 Ke8 54. Qxh7 Rc6 55. Qg8 d3 56. h7 Rc1+ 57. Kg2 d2 58. h8=Q Rg1+ 59. Kf2 Rf1+ 60. Ke3 1-0

[Event "Olympiad Women 2024"]
[Site "Budapest HUN"]
[Date "2024.09.19"]
[Round "8.10"]
[Board "1"]
[White "Khademalsharieh, Sarasadat"]
[Black "Borosova, Zuzana"]
[Result "1-0"]
[WhiteElo "2468"]
[BlackElo "2205"]
[PlyCount "145"]
[EventDate "2024.09.11"]
[WhiteTeam "Spain"]
[BlackTeam "Slovakia"]
[WhiteTeamCountry "ESP"]
[BlackTeamCountry "SVK"]

1. Nf3 Nf6 2. e3 d5 3. c4 e6 4. Nc3 Be7 5. b3 O-O 6. Bb2 c5 7. cxd5 exd5 8. Ne2 ({RR} 8. d4 cxd4 9. Nxd4 Bg4 10. Be2 Bxe2 11. Ndxe2 Nc6 12. O-O Bd6 13. Nb5 Be5 14. Bxe5 Nxe5 15. Nf4 Qd7 16. Nd4 Rac8 17. Rc1 Ne4 18. Qh5 f6 19. Qe2 Nc6 20. Qb2 Ne5 21. Rxc8 Rxc8 22. h3 g5 {1-0 Malakhov,V (2713)-Bindrich,F (2590) Wch Rapid Doha 2016 (7)}) 8... Nc6 9. Ng3 Ne4 $146 ({RR} 9... d4 10. Bb5 Bd7 11. O-O dxe3 12. fxe3 a6 13. Be2 Qc7 14. Nh4 Rad8 15. Nhf5 Bxf5 16. Nxf5 Ne5 17. Qe1 Ng6 18. h4 Rfe8 19. h5 Nf8 20. h6 g6 21. Nxe7+ Qxe7 22. Bxf6 Qd7 23. Qf2 Ne6 24. Bc3 {1-0 Pranav,A (2509)-Akkarakaran,J (2112) Titled Tue 17th Oct Early 2023 (10)}) ({RR} 9... d4 10. a3 Re8 11. Qc2 Bd6 12. Bc4 Bg4 13. Ng5 Ne5 14. N3e4 Nxe4 15. Nxe4 Nxc4 16. bxc4 Bf5 17. f3 Qh4+ 18. Kd1 dxe3 19. dxe3 Rad8 20. Kc1 Bxe4 21. fxe4 Qxe4 22. Re1 Qxc2+ 23. Kxc2 Bxh2 24. Re2 {0-1 Aksu,V-Elsayed,M (2212) Titled Arena Apr 3rd blitz 2021}) 10. Bb5 Qb6 11. Be2 Bg4 12. O-O Qa5 13. Nxe4 dxe4 14. Ne5 Bxe2 15. Qxe2 Nxe5 16. Bxe5 Qb6 17. Qg4 Qg6 18. Qd7 Qe6 19. Qxe6 fxe6 20. Rac1 Rad8 21. Rc2 Rd5 22. Bb2 Rfd8 23. Rd1 b6 24. Kf1 Rh5 25. h3 Rf5 26. Rc4 Rdf8 27. Rxe4 Rxf2+ 28. Kg1 Re2 29. Rg4 g6 30. Be5 Rd8 31. Ra4 Rxe3 32. Bc7 Rd7 33. Rxa7 Red3 34. Bxb6 Rxa7 35. Bxa7 Rd7 36. Bb8 Bg5 37. d3 Be3+ 38. Kh2 Rb7 39. Be5 Ra7 40. a4 Rb7 41. Rb1 Rd7 42. a5 Ra7 43. Ra1 Ra6 44. Ra2 Kf7 45. Kg3 Ke7 46. Kf3 Bg5 47. d4 cxd4 48. b4 d3 49. b5 Ra8 50. b6 Rf8+ 51. Kg4 d2 52. Ra1 Be3 53. Rd1 Bf2 54. b7 Rf5 55. h4 h5+ 56. Kh3 Ba7 57. b8=Q Bxb8 58. Bxb8 Rxa5 59. Rxd2 e5 60. Bc7 Rb5 61. Bd8+ Ke6 62. Bg5 Rb3+ 63. g3 Kf5 64. Rf2+ Ke4 65. Rf6 Rb1 66. Rxg6 Kf3 67. Rf6+ Ke4 68. Rf2 Kd3 69. g4 hxg4+ 70. Kxg4 Rb4+ 71. Kf5 e4 72. Rd2+ Kc3 73. Re2 1-0

[Event "Olympiad Women 2024"]
[Site "Budapest HUN"]
[Date "2024.09.19"]
[Round "8.10"]
[Board "2"]
[White "Mrvova, Alena"]
[Black "Garcia Martin, Marta"]
[Result "1/2-1/2"]
[WhiteElo "2121"]
[BlackElo "2318"]
[PlyCount "154"]
[EventDate "2024.09.11"]
[WhiteTeam "Slovakia"]
[BlackTeam "Spain"]
[WhiteTeamCountry "SVK"]
[BlackTeamCountry "ESP"]

1. e4 c5 2. Nf3 Nc6 3. d3 Nf6 4. g3 d5 5. e5 Nd7 6. Qe2 e6 7. Bg2 Qc7 8. Bf4 h6 9. h4 g6 10. O-O Bg7 11. Re1 b5 $146 ({RR} 11... g5 12. hxg5 hxg5 13. Nxg5 Bxe5 14. Nc3 Nd4 15. Qg4 Nf6 16. Nxe6 fxe6 17. Qg6+ Qf7 18. Qxf7+ Kxf7 19. Rxe5 Ng4 20. Rg5 Nh2 21. Be5 Ndf3+ 22. Bxf3 Nxf3+ 23. Kg2 Nxg5 24. Bxh8 Bd7 25. Rh1 Bc6 26. f3 {0-1 Huseynov,V-Sopur,L (2419) Police Gniota Memorial 25th 2010 (8)}) 12. Nc3 Qb6 13. a4 b4 14. Nb5 O-O 15. c4 bxc3 16. bxc3 Ba6 17. c4 Nb4 18. Qd2 Kh7 19. Reb1 dxc4 20. dxc4 Rad8 21. Qc3 Qb8 22. Rd1 Nb6 23. Qb3 Nc6 24. Rxd8 Rxd8 25. Qe3 Na5 26. Rb1 Naxc4 27. Qxc5 Bf8 28. Qc7 Qxc7 29. Nxc7 Bb7 30. Nb5 a5 31. Nd6 Bxd6 32. exd6 Bxf3 33. Bxf3 e5 34. Be3 Rxd6 35. Bc5 Rf6 36. Bd1 Nd5 37. Rb7 Nc3 38. Bb3 Ne4 39. Ba7 Ned2 40. Ba2 Kg7 41. f4 Rc6 42. fxe5 Nf3+ 43. Kf2 Nfxe5 44. Bd4 Rd6 45. Bxe5+ Nxe5 46. Ke3 Rf6 47. Bd5 g5 48. hxg5 hxg5 49. Kd4 Ng4 50. Rb5 Nh6 51. Be4 Rd6+ 52. Kc4 Re6 53. Kd3 Rd6+ 54. Ke3 f6 55. Rxa5 Ng4+ 56. Kf3 Ne5+ 57. Ke2 Rd4 58. Ra7+ Kf8 59. Bf5 Nc4 60. Rd7 Nd6 61. Bd3 Ke8 62. Ra7 f5 63. a5 Ne4 64. a6 Nc5 65. Bb5+ Kd8 66. Ra8+ Kc7 67. Rg8 Kb6 68. Rxg5 Kxb5 69. Rxf5 Ra4 70. Kf3 Rxa6 71. g4 Kc4 72. g5 Kd4 73. Rf6 Ra1 74. Rf5 Ne4 75. Rb5 Rg1 76. Rb4+ Kd5 77. Rxe4 Rxg5 1/2-1/2

[Event "Olympiad Women 2024"]
[Site "Budapest HUN"]
[Date "2024.09.19"]
[Round "8.10"]
[Board "3"]
[White "Vega Gutierrez, Sabrina"]
[Black "Bochnickova, Simona"]
[Result "1-0"]
[WhiteElo "2374"]
[BlackElo "2138"]
[PlyCount "71"]
[EventDate "2024.09.11"]
[WhiteTeam "Spain"]
[BlackTeam "Slovakia"]
[WhiteTeamCountry "ESP"]
[BlackTeamCountry "SVK"]

1. e4 c5 2. Nf3 d6 3. d4 cxd4 4. Nxd4 Nf6 5. Nc3 a6 6. Be2 e5 7. Nb3 Be7 8. Be3 Be6 9. Nd5 Nbd7 10. Qd3 Nc5 ({RR} 10... Bxd5 11. exd5 Rc8 12. c4 O-O 13. O-O a5 14. Nd2 Nc5 15. Qc2 Nfd7 16. Bg4 g6 17. Bxd7 Nxd7 18. Qb3 f5 19. f3 Bg5 20. f4 exf4 21. Bxf4 Nc5 22. Qg3 Bxf4 23. Qxf4 Qf6 24. b3 g5 25. Qf2 {1-0 Anand,V (2794)-Shirov,A (2722) Leon Man+Comp rapid 2001 (2.3)}) ({RR} 10... Bxd5 11. exd5 Nb6 12. c4 Rc8 13. Nd2 O-O 14. O-O Nfd7 15. b4 f5 16. f4 e4 17. Qb3 Bf6 18. Rac1 Kh8 19. c5 Na8 20. c6 bxc6 21. Bxa6 Rb8 22. Rxc6 Nc5 23. Qb1 Nd3 24. b5 Nc7 25. Qd1 {½-½ Rodriguez Rivero,J (2141)-Stachanczyk,J (2091) Titled Tue 20th Aug Late 2024 (11)}) 11. Nxc5 dxc5 $146 ({RR} 11... Bxd5 12. exd5 dxc5 13. O-O-O Qd6 14. c4 O-O 15. g4 b5 16. g5 Nd7 17. Qe4 f5 18. gxf6 Nxf6 19. Qf5 Nd7 20. Qe6+ Kh8 21. cxb5 axb5 22. Bxb5 Nb6 23. Qxd6 Bxd6 24. a3 Nc8 25. Bc6 Ra5 26. Rhe1 {1-0 Bologan,V (2670)-Lehtioksa,J (2186) EU-Cup 29th Rhodes 2013 (3.6)}) 12. Nxf6+ gxf6 13. Qc3 b5 14. O-O b4 15. Qe1 f5 16. f4 exf4 17. exf5 Bxf5 18. Bxf4 Qd4+ 19. Kh1 Rg8 20. Bf3 Rc8 21. Rd1 Qg7 22. Rf2 Be6 23. Bb7 Qg4 24. Bxc8 Bxc8 25. Bd6 Be6 26. Bxe7 Kxe7 27. Rd5 Rg5 28. Rd3 Qh5 29. Qe4 Re5 30. Qb7+ Kf8 31. Qb8+ Kg7 32. Rg3+ Rg5 33. Qe5+ Kf8 34. Qh8+ Ke7 35. Qf6+ Ke8 36. Rxg5 1-0

[Event "Olympiad Women 2024"]
[Site "Budapest HUN"]
[Date "2024.09.19"]
[Round "8.10"]
[Board "4"]
[White "Walter, Ema"]
[Black "Calzetta Ruiz, Monica"]
[Result "0-1"]
[WhiteElo "2055"]
[BlackElo "2199"]
[PlyCount "98"]
[EventDate "2024.09.11"]
[WhiteTeam "Slovakia"]
[BlackTeam "Spain"]
[WhiteTeamCountry "SVK"]
[BlackTeamCountry "ESP"]

1. e4 c5 2. Nf3 g6 3. c4 Nc6 4. d4 cxd4 5. Nxd4 Nf6 6. Nc3 d6 7. Be2 Nxd4 8. Qxd4 Bg7 9. Be3 O-O 10. Qd2 a5 11. f3 a4 12. O-O Qa5 13. Rac1 Be6 14. Nd5 Bxd5 15. Qxa5 Rxa5 16. cxd5 Nd7 17. Rc7 Nc5 18. Rb1 ({RR} 18. Rxe7 Bxb2 19. Rc7 Raa8 20. Bf4 Rfd8 21. g3 Ba3 22. Rb1 Rab8 23. Kf1 Rd7 24. Rxd7 Nxd7 25. Bb5 Ne5 26. Ke2 Ra8 27. Be3 f5 28. exf5 gxf5 29. Bd3 Nxd3 30. Kxd3 Rb8 31. Ba7 Re8 32. Rxb7 Re1 {½-½ Ihnat,M (2111)-Sgircea,S (2242) SixDays Budapest Jan IM B 2024 (5.1)}) 18... Rb8 ({RR} 18... Bf6 19. b4 axb3 20. axb3 Ra2 21. Bc4 Rb8 22. b4 Na6 23. Bxa2 Nxc7 24. b5 Ra8 25. Bc4 Ra1 26. Rxa1 Bxa1 27. Kf2 Bc3 28. f4 h5 29. Kf3 Kg7 30. g3 Na8 31. Bf1 Nc7 32. Bb6 Na8 33. Ba7 {½-½ Malakhov,V (2689)-Tiviakov,S (2645) Politiken Cup 30th 2008 (6)}) 19. Kf1 Kf8 20. b4 $146 ({RR} 20. Bg5 Bf6 21. Bxf6 exf6 22. b4 axb3 23. axb3 Ra3 24. b4 Na4 25. Rbc1 Nb6 {½-½ Kobo,O (2485)-Givon,A (2465) ISR-chT Israel 2019 (5.4)}) 20... axb3 21. axb3 Na6 22. Rcc1 Ra2 23. b4 Rb2 24. Rxb2 Bxb2 25. Rc2 Ba3 26. b5 Nc5 27. Bd2 Nd7 28. Ra2 Bc5 29. f4 Ke8 30. Bd3 Nb6 31. Ke2 Kd7 32. Be3 Bxe3 33. Kxe3 Rc8 34. Rf2 f6 35. g4 Rc3 36. Kd4 Ra3 37. h4 Na4 38. f5 Nc5 39. Rf3 gxf5 40. gxf5 Kc7 41. Re3 Rxd3+ 42. Rxd3 Nxd3 43. Kxd3 Kb6 44. Kc4 Ka5 45. h5 h6 46. b6 Kxb6 47. Kb4 Ka6 48. Ka4 b5+ 49. Kb4 Kb6 0-1

[Event "Olympiad Women 2024"]
[Site "Budapest HUN"]
[Date "2024.09.19"]
[Round "8.11"]
[Board "1"]
[White "Yao, Lan"]
[Black "Martynkova, Olena"]
[Result "1/2-1/2"]
[WhiteElo "2353"]
[BlackElo "2176"]
[PlyCount "106"]
[EventDate "2024.09.11"]
[WhiteTeam "England"]
[BlackTeam "Lithuania"]
[WhiteTeamCountry "ENG"]
[BlackTeamCountry "LTU"]

1. e4 {Yermolinsky,Alex} e5 2. Nf3 Nc6 3. Bc4 Bc5 4. d3 Nf6 5. O-O d6 6. c3 a6 7. a4 h6 8. Nbd2 O-O 9. h3 Ba7 10. Re1 Be6 11. b4 ({RR} 11. Bxe6 fxe6 12. b4 Nh5 13. Ra2 Qf6 14. Nc4 b5 ({RR} 14... Ne7 15. d4 exd4 16. cxd4 Ng6 17. e5 Qf5 18. exd6 Qd5 19. Rc2 cxd6 20. Ne3 Qe4 21. Nc4) 15. Ne3 ({RR} 15. axb5 axb5 16. Ne3 Bxe3 17. Rxa8 Bxf2+) 15... Bb6 16. Ng4 Qe7 17. Be3 Bxe3 18. fxe3 Rab8 19. axb5 axb5 20. Ra6 Nd8 21. d4 exd4 22. cxd4 Nf7 23. Qc2 ({RR} 23. e5 Ng3 24. Qc2 Nf5 ({RR} 24... Ng5 25. Nxg5 Qxg5 26. exd6 cxd6 27. Rxd6 h5 28. Ne5) 25. e4 Ng3 ({RR} 25... Nh4 26. Nf6+ gxf6 27. Nxh4 Kg7 28. exd6 cxd6 29. d5) 26. Rc6) 23... Nf6 24. Nxf6+ Qxf6 25. Rc6 Ng5 {½-½ Anand,V (2786)-Carlsen,M (2832) Norway Chess 5th 2017 (9)}) 11... Qd7 12. Bxe6 fxe6 13. Nb3 $146 ({RR} 13. Nf1 Nh5 14. Ra2 Nf4 15. b5 Ne7 16. Bxf4 Rxf4 17. bxa6 bxa6 18. d4 exd4 19. cxd4 Raf8 20. N1h2 Nc6 21. a5 Qf7 22. Qa4 Nxd4 23. Ra3 e5 24. Rc3 Bc5 25. Nxe5 dxe5 26. Rxc5 Rxf2 27. Rxe5 Rxg2+ {0-1 Vinolas Anglada,L (2002)-Cuellar Montes,A (2163) TCh-ESP 2nd Div 2024 (5.24)}) ({RR} 13. Nc4 b5 14. Na3 Rab8 15. Be3 Bxe3 16. Rxe3 Qf7 17. Nc2 Nh5 18. axb5 axb5 19. Ra6 Ne7 20. d4 Ng6 21. dxe5 dxe5 22. g3 Rbd8 23. Qf1 Kh7 24. Ra1 c6 25. Rd1 Ra8 26. Qe2 Nhf4 {1-0 Kazantzoglou,S (2222)-Aleksanyan,H (2274) 17th Paleochora Open 2024 (9.7)}) ({RR} 13. Nf1 Nh5 14. Ra2 Nf4 15. Bxf4 Rxf4 16. N1h2 Raf8 17. b5 Ne7 18. d4 exd4 19. cxd4 axb5 20. axb5 Bb6 21. Qd3 Ng6 22. g3 R4f6 23. Kg2 e5 24. Ree2 exd4 25. Nxd4 Ne5 26. Qb3+ Kh7 27. Nf5 g6 {½-½ Lach,A (2170)-Mammadova,G (2358) 23rd ch-EUR Indiv w 2023 (9.24)}) 13... Nh5 14. d4 exd4 15. Nbxd4 Nf4 16. Be3 e5 17. Nf5 Bxe3 18. Rxe3 Ng6 19. Rb1 Rad8 20. b5 axb5 21. axb5 Na5 22. N3h4 Nxh4 23. Nxh4 d5 24. Rd3 c6 25. bxc6 bxc6 26. Nf5 Kh8 27. Qg4 Nc4 28. Qg3 Qf7 29. Qh4 Nd6 30. Rf3 Qf6 31. Qxf6 Rxf6 32. Nxd6 Rfxd6 33. exd5 cxd5 34. Rf5 d4 35. cxd4 exd4 36. Rd1 d3 37. Rd2 Kh7 38. Re5 g5 39. f3 Kg6 40. Kf2 Kf6 41. Re4 Rd5 42. Ke3 R8d6 43. g3 Kg6 44. h4 h5 45. hxg5 Rxg5 46. Rxd3 Rxd3+ 47. Kxd3 Rxg3 48. Ke2 Rg5 49. Kf2 Rf5 50. Kg3 Kg5 51. f4+ Kf6 52. Kh4 Rc5 53. Re5 Rxe5 1/2-1/2

[Event "Olympiad Women 2024"]
[Site "Budapest HUN"]
[Date "2024.09.19"]
[Round "8.11"]
[Board "2"]
[White "Baginskaite, Kamile"]
[Black "Houska, Jovanka"]
[Result "0-1"]
[WhiteElo "2103"]
[BlackElo "2333"]
[PlyCount "100"]
[EventDate "2024.09.11"]
[WhiteTeam "Lithuania"]
[BlackTeam "England"]
[WhiteTeamCountry "LTU"]
[BlackTeamCountry "ENG"]

1. d4 Nf6 2. c4 e6 3. Nf3 d5 4. Nc3 Nbd7 5. Bg5 h6 6. Bh4 Be7 7. e3 a6 8. cxd5 ({RR} 8. Bd3 g5 9. Bg3 c6 10. Rc1 Rg8 11. Ne5 Nxe5 12. Bxe5 Nd7 13. Bg3 Nf6 14. Qb3 h5 15. h4 gxh4 16. Rxh4 Ne4 17. Rxh5 Nxg3 18. fxg3 Rxg3 19. Kf2 Bh4 20. Rh1 Qf6+ 21. Ke2 Rxg2+ 22. Kd1 Qf3+ {1-0 Kuchava,A (2101)-Sainz Aguirre,I (1829) Titled Tue 18th Jul Late 2023 (7)}) 8... exd5 9. Bd3 ({RR} 9. Be2 c6 10. O-O O-O 11. Qc2 a5 12. Rac1 Ne4 13. Bxe7 Qxe7 14. Nxe4 dxe4 15. Nd2 Nf6 16. Qc5 Qd8 17. a3 Be6 18. Nc4 Bd5 19. h3 Nd7 20. Qd6 Re8 21. Bg4 Be6 22. Qf4 Bxc4 23. Rxc4 Nb6 {1-0 Tin,J (2562)-Moussard,J (2684) World Rapid 2022 (8.34)}) 9... Nb6 $146 ({RR} 9... O-O 10. O-O Kh8 11. Rc1 b5 12. Ne2 Bb7 13. Bg3 Rc8 14. Bb1 c5 15. dxc5 Nxc5 16. Ned4 Nfe4 17. Nf5 Bf6 18. Be5 Bxe5 19. Nxe5 Qf6 20. Rxc5 Nxc5 21. Ng4 Qe6 22. Qd4 f6 23. Qf4 h5 24. Nxg7 {0-1 Borkowski,K (2120)-Bukowski,W (2075) Suwalki op-A 2000}) ({RR} 9... O-O 10. O-O c5 11. Rc1 c4 12. Bb1 Re8 13. Ne5 Nf8 14. f4 Qd6 15. Qf3 b5 16. Bxf6 Bxf6 17. Qxd5 Qxd5 18. Nxd5 Bd8 19. b3 f6 20. Nf3 cxb3 21. axb3 Be6 22. e4 Bf7 23. f5 Ba5 24. Rf2 {1-0 Qi,J-Sitanggang,S Asia-chT final 02nd 1977 (9)}) ({RR} 9... c6 10. O-O O-O 11. Rc1 Ne4 12. Bxe7 Qxe7 13. Ne2 Ndf6 14. Ne5 Nd7 15. Nf3 Ndf6 16. Qc2 Bg4 17. Ne5 Bxe2 18. Qxe2 Nd7 19. Nxd7 Qxd7 20. Bxe4 dxe4 21. Rc5 f5 22. f4 exf3 23. gxf3 f4 24. Qc4+ {½-½ Kopriva,P-Rehorek,R CZE-ch blind 1998}) 10. Ne5 Nfd7 11. Qh5 Nxe5 12. Qxe5 Kf8 13. Bxe7+ Qxe7 14. e4 Be6 15. exd5 Nxd5 16. O-O Rd8 17. Rfe1 Qf6 18. a3 Qxe5 19. Rxe5 Nb6 20. Rae1 g5 21. Ne2 Rd6 22. f4 f6 23. Rc5 c6 24. b3 Nd5 25. f5 Bf7 26. Kf2 h5 27. Be4 Rh7 28. g3 Bg8 29. h4 Re7 30. Bf3 Bf7 31. b4 Nb6 32. Rec1 Kg7 33. hxg5 fxg5 34. Rh1 Nd7 35. Rc2 Nf6 36. a4 Bd5 37. Rb2 Bxf3 38. Kxf3 Rd5 39. b5 Rxf5+ 40. Kg2 axb5 41. axb5 Rxb5 42. Rxb5 cxb5 43. Nc3 b4 44. Nb5 g4 45. Rc1 b3 46. Rc3 b2 47. Rb3 Re2+ 48. Kf1 Rc2 49. Na3 Rc1+ 50. Kg2 Ra1 0-1

[Event "Olympiad Women 2024"]
[Site "Budapest HUN"]
[Date "2024.09.19"]
[Round "8.11"]
[Board "3"]
[White "Hunt, Harriet V"]
[Black "Simkunaite, Gabija"]
[Result "1-0"]
[WhiteElo "2304"]
[BlackElo "2005"]
[PlyCount "49"]
[EventDate "2024.09.11"]
[WhiteTeam "England"]
[BlackTeam "Lithuania"]
[WhiteTeamCountry "ENG"]
[BlackTeamCountry "LTU"]

1. e4 {Postny,Evgeny} e5 2. Bc4 Nc6 3. Nf3 Nf6 4. d3 Bc5 5. O-O O-O 6. c3 d6 7. h3 a6 8. b4 ({RR} 8. Bb3 h6 ({RR} 8... Ba7 9. Nbd2 h6 10. Re1 Nh5 11. Nf1 Qf6) 9. Be3 ({RR} 9. d4 Ba7 10. Re1 Re8 11. Bc2 b5) 9... Bxe3 10. fxe3 Na5 11. Bc2 c5 12. Nbd2 b5 13. Qe1 Rb8 ({RR} 13... Nc6 14. Nh4 Kh7 15. Rf3 a5 16. Qf2 a4 17. Rf1 Ra7 18. Nf5 Ne8 19. Qg3 Qg5 20. Qf2 g6 21. Ng3) 14. Qg3 Nh5 15. Qf2 Nf6 16. Qg3 Nh5 17. Qh2 Qe7 18. Rf2 Bd7 19. g4 Nf6 20. Raf1 Nh7 21. Qg3 ({RR} 21. a3 c4 22. d4) 21... g6 22. Nh4 ({RR} 22. d4) 22... c4 {0-1 Harikrishna,P (2706)-Giri,A (2734) Tata Steel-A 76th 2014 (5)}) 8... Ba7 ({RR} 8... Bb6 9. Re1 Ne7 10. Be3 c6 11. Bxb6 Qxb6 12. Nbd2 Ng6 13. Bb3 Qc7 14. d4 Bd7 15. dxe5 dxe5 16. Nc4 Rad8 17. Qd6 Qxd6 18. Nxd6 Bc8 19. Rad1 Rd7 20. Ng5 Nh8 21. Ne6 fxe6 22. Bxe6+ Nf7 23. Nxc8 {1-0 Karavade,E (2325)-Mahitosh,D (2134) 9th Sunway Sitges 2022 (7.74)}) 9. Bb3 $146 ({RR} 9. Be3 Re8 10. Qb3 Be6 11. Bxe6 fxe6 12. Bxa7 Rxa7 13. Nbd2 Ra8 14. a4 Qd7 15. b5 Na5 16. Qb4 b6 17. d4 exd4 18. cxd4 Nh5 19. bxa6 Rxa6 20. Qb5 Qxb5 21. axb5 Raa8 22. Rfc1 Rac8 23. Ra3 Kf8 {½-½ Jaskolka,T (1926)-Chomski,M (1805) POL-chT U19 1st League 2010 (1)}) ({RR} 9. a4 b6 10. Be3 Bb7 11. Qb3 Qe7 12. Nbd2 Nd8 13. Rfc1 c5 14. Nf1 Bc8 15. b5 a5 16. Ng3 Be6 17. Bg5 Bxc4 18. Qxc4 Qe6 19. Qxe6 fxe6 20. Bxf6 Rxf6 21. d4 exd4 22. cxd4 Rc8 23. e5 dxe5 {1-0 Watkins,J-Haarup,A (1619) EU-Cup 29th Rhodes 2013 (7.6)}) ({RR} 9. a4 Qe7 10. Re1 Be6 11. Ra2 Rad8 12. Bg5 h6 13. Bxf6 Qxf6 14. Qe2 Kh8 15. Nbd2 Ne7 16. Kh2 g5 17. d4 Ng6 18. Qe3 Qe7 19. h4 Nf4 20. g3 Bxc4 21. Nxc4 Qe6 22. gxf4 Qxc4 23. Qe2 Qxe2 {0-1 Braso,J (2225)-Almada,E (2280) URU-ch Uruguay 1989}) 9... h6 10. Nbd2 Be6 11. Re1 Qd7 12. Nf1 Rfe8 13. Ng3 Rad8 14. Bd2 d5 15. exd5 Bxd5 16. Bc2 Bxf3 17. Qxf3 Qd5 18. Qf5 Qe6 19. a4 Qd6 20. Rad1 Re6 21. Bb3 Ne7 22. Qf3 Qxd3 23. Be3 Bxe3 24. Rxd3 Rxd3 25. Bxe6 1-0